banner koha

Resposta do trigo a calagem, cultivado em sucessao com soja, em solos acidos com diferentes teores de Al trocavel, em altos niveis de fertilidade [Triticum aestivum; Glycine max (L.)Merr.; Aluminio; Brasil] (Registro n. 306998)

MARC details
000 -LÍDER
campo de controle de tamanho fixo 01313naa a22003497a 4500
001 - NÚMERO DE CONTROLE
campo de controle BR7600733
003 - IDENTIFICADOR DO NÚMERO DE CONTROLE
campo de controle BR-BrBNA
005 - DATA E HORÁRIO DA ÚLTIMA TRANSAÇÃO
campo de controle 20240918173811.0
007 - CAMPO FIXO DE DESCRIÇÃO FÍSICA--INFORMAÇÃO GERAL
campo de controle de tamanho fixo ta
008 - CAMPO DE DADOS FIXOS--INFORMAÇÃO GERAL
campo de controle de tamanho fixo 230509b bl.||||| |||| 00| 0 por d
040 ## - FONTE DA CATALOGAÇÃO
Instituição da catalogação original BR-BrBNA
Idioma da catalogação por
Instituição que transcreveu o registro Biblioteca Nacional de Agricultura
041 ## - CÓDIGO DE IDIOMA
Código do idioma do texto/trilha sonora ou título diferente (Pt)
072 ## - CÓDIGO DE CATEGORIA DE ASSUNTO
Código de Categoria de Assunto F25; F00
Código do objeto 0180
-- 0336
-- 3840
-- G514
090 ## - NÚMERO DE CHAMADA LOCAL
Número de chamada F25 BR7600733
100 1# - ENTRADA PRINCIPAL--NOME PESSOAL
Nome pessoal Siqueira, O.J.F. de
100 1# - ENTRADA PRINCIPAL--NOME PESSOAL
Nome pessoal Borkert, C.M.
100 1# - ENTRADA PRINCIPAL--NOME PESSOAL
Nome pessoal Kochhann, R.A.
100 1# - ENTRADA PRINCIPAL--NOME PESSOAL
Nome pessoal Bartz, H.R.
100 1# - ENTRADA PRINCIPAL--NOME PESSOAL
Nome pessoal Ramos, M.
111 1# - ENTRADA PRINCIPAL--NOME DO EVENTO
Nome do evento ou lugar 7. Reuniao Anual Conjunta de Pesquisa de Trigo
Local do evento Passo Fundo, RS (Brazil)
Data do evento ou assinatura do tratado 31 Mar 1975
245 1# - TÍTULO
Título Resposta do trigo a calagem, cultivado em sucessao com soja, em solos acidos com diferentes teores de Al trocavel, em altos niveis de fertilidade [Triticum aestivum; Glycine max (L.)Merr.; Aluminio; Brasil]
260 3# - PUBLICAÇÃO, DISTRIBUIÇÃO, ETC.
Local de publicação, distribuição, etc. Passo Fundo, RS (Brasil):
Data da publicação, distribuição, etc. 1975.
500 ## - NOTA GERAL
Nota geral Trigo - resultados de pesquisa em 1974<br/>Passo Fundo, RS (Brasil): 1975. v. 1 p. 18-50<br/>(BR7600733-AM)F25<br/>
650 ## - ASSUNTO--TERMO TÓPICO
Cabeçalho tópico ou nome geográfico TRIGO
650 ## - ASSUNTO--TERMO TÓPICO
Cabeçalho tópico ou nome geográfico SOJA
650 ## - ASSUNTO--TERMO TÓPICO
Cabeçalho tópico ou nome geográfico CALAGEM
650 ## - ASSUNTO--TERMO TÓPICO
Cabeçalho tópico ou nome geográfico SOLO ACIDO
650 ## - ASSUNTO--TERMO TÓPICO
Cabeçalho tópico ou nome geográfico ALUMINIO
773 0# - ENTRADA ANALÍTICA
Título Trigo - resultados de pesquisa em 1974
Número de controle do registro F25 BR7600733
Partes relacionadas Passo Fundo, RS (Brasil), 1975. v. 1 p. 18-50
909 ## -
-- 202404
-- Lucia
-- 55
-- Lucia Elande
942 ## - ELEMENTOS DE ENTRADA ADICIONADOS (KOHA)
Tipo de material Koha Capítulo-Livro
Fonte da classificação ou esquema de arquivamento na estante Classificação AGRIS
Exemplares
Situação do descarte Fonte da classificação ou esquema de arquivamento na estante Situação física Não pode ser emprestado Coleção Biblioteca de origem Biblioteca atual Localização na estante Total de empréstimos Número de telefone completo Data de último acesso Número do exemplar Tipo de material Koha Situação das perdas Data de aquisição Fonte de aquisição
  Classificação AGRIS       Biblioteca Nacional de Agricultura - Binagri Biblioteca Nacional de Agricultura - Binagri Agrobase - Acervo Geral   0180 BR8805879 20/05/2024 01 Capítulo-Livro   2024-04-11 Portaria Interministerial nº 164/94

BINAGRI

Telefone: (61)3218-2567/2388/3357/2097 - binagri@agro.gov.br

Ministério da Agricultura e Pecuária , Esplanada dos Ministérios, Bloco D, Anexo B, Brasília/DF, CEP: 70.043-900